[Event "Prague Golden op"]
[Site "Prague"]
[Date "2010.07.??"]
[Round "1"]
[White "Rous, Daniel"]
[Black "Pokorny, Milan"]
[Result "0-1"]
[WhiteElo "1905"]
[BlackElo "2160"]
[PlyCount "116"]
[EventDate "2010.07.??"]
[EventType "swiss"]
[EventRounds "9"]
[EventCountry "CZE"]
[SourceTitle "EXT 2012"]
[Source "ChessBase"]
[SourceDate "2011.11.24"]
[SourceVersion "1"]
[SourceVersionDate "2011.11.24"]
[SourceQuality "1"]

1. Nf3 d5 2. c4 c6 3. b3 Bf5 4. Bb2 e6 5. d3 h6 6. Nbd2 Nf6 7. g3 Be7 8. Bg2 0-0 9. 0-0 Nbd7 10. Re1 Bh7 11. a3 a5 12. Bc3 Qb6 13. b4 axb4 14. axb4 dxc4 15. Nxc4 Qc7 16. Qb3 Nd5 17. Bd2 Bf6 18. Rxa8 Rxa8 19. e4 N5b6 20. d4 Nxc4 21. Qxc4 Nb6 22. Qb3 Qd7 23. Bc3 Na4 24. Ba1 b5 25. e5 Be7 26. Nd2 Nb6 27. Rc1 Nd5 28. Bc3 Bf5 29. h4 Ra4 30. Bxd5 Qxd5 31. Qxd5 cxd5 32. Nb3 Bxb4 33. Bxb4 Rxb4 34. Nc5 Rxd4 35. Ra1 h5 36. Ra8+ Kh7 37. Nd7 Be4 38. f3 Bxf3 39. Kf2 Be4 40. Nf8+ Kh6 41. Nd7 Kg6 42. Rh8 f6 43. exf6 gxf6 44. Rf8 Bf5 45. Rxf6+ Kg7 46. Rf8 Bg4 47. Rb8 b4 48. Nc5 Kf6 49. Ke3 Rc4 50. Nd3 Bf5 51. Nxb4 Rc3+ 52. Kf2 Be4 53. Rf8+ Kg7 54. Rf4 e5 55. Rxe4 dxe4 56. Nd5 Rf3+ 57. Kg2 Kf7 58. Nb4 Ke6 0-1

[Event "CZE-chT2A 0910"]
[Site "Czech Republic"]
[Date "2010.02.28"]
[Round "8.5"]
[White "Blecha, Milan"]
[Black "Pokorny, Milan"]
[Result "1-0"]
[WhiteElo "2162"]
[BlackElo "2196"]
[PlyCount "79"]
[EventDate "2009.10.18"]
[EventType "team-tourn"]
[EventRounds "11"]
[EventCountry "CZE"]
[SourceTitle "EXT 2012"]
[Source "ChessBase"]
[SourceDate "2011.11.24"]
[SourceVersion "1"]
[SourceVersionDate "2011.11.24"]
[SourceQuality "1"]
[WhiteTeam "Plzen Letna"]
[BlackTeam "Praha Bohemians II"]
[WhiteTeamCountry "CZE"]
[BlackTeamCountry "CSR"]

1. e4 e6 2. d4 d5 3. Nc3 Bb4 4. e5 c5 5. a3 Bxc3+ 6. bxc3 Ne7 7. Qg4 Qc7 8. Qxg7 Rg8 9. Qxh7 cxd4 10. Ne2 Nbc6 11. f4 Bd7 12. Qd3 dxc3 13. Nxc3 a6 14. Rb1 Nf5 15. g3 Nce7 16. Be2 Bc6 17. g4 Nh4 18. Rg1 0-0-0 19. Kf2 Nhg6 20. Qd4 Rh8 21. Rg2 Rh3 22. Kg1 Rdh8 23. Nd1 Qa5 24. Bd2 Qa4 25. Qb6 Kd7 26. Ba5 Rc8 27. Rb4 Qxc2 28. Bf3 Qc1 29. Rg3 Rxg3+ 30. hxg3 Qxa3 31. Rb3 Qa4 32. Nc3 Qa1+ 33. Rb1 Qxb1+ 34. Nxb1 Bb5 35. Qxb7+ Ke8 36. Nc3 Bc4 37. Bb4 d4 38. Ne4 Bd5 39. Nf6+ Kf8 40. Qxc8+ 1-0

[Event "Ricany op-A"]
[Site "Ricany"]
[Date "2008.08.23"]
[Round "1"]
[White "Bernath, Stefan"]
[Black "Pokorny, Milan"]
[Result "0-1"]
[WhiteElo "1952"]
[BlackElo "2172"]
[PlyCount "71"]
[EventDate "2008.08.23"]
[EventType "swiss"]
[EventRounds "9"]
[EventCountry "CZE"]
[SourceTitle "CBM 126 Extra"]
[Source "ChessBase"]
[SourceDate "2008.11.05"]
[SourceVersion "1"]
[SourceVersionDate "2008.11.05"]
[SourceQuality "1"]

1. e4 e6 2. d4 d5 3. Nd2 Nf6 4. e5 Nfd7 5. Bd3 c5 6. c3 Nc6 7. Ne2 cxd4 8. cxd4 Qb6 9. Nf3 f6 10. exf6 Nxf6 11. 0-0 Bd6 12. Re1 0-0 13. Nc3 Bd7 14. Bg5 Kh8 15. Bc2 Rae8 16. a3 Bb8 17. Qd3 g6 18. Rad1 a6 19. Nh4 Ne7 20. Qh3 Kg8 21. Bxf6 Rxf6 22. Nf3 Kg7 23. b4 Rc8 24. Ba4 Rxc3 25. Bxd7 Nf5 26. Qg4 Rxf3 27. gxf3 Qd6 28. Bxe6 Rxe6 29. Rxe6 Qxe6 30. Qg5 Qe2 31. Rd2 Qxf3 32. Qd8 Bxh2+ 33. Kxh2 Qf4+ 34. Kg1 Qxd2 35. Qxd5 Qg5+ 36. Kh1 0-1

[Event "Ricany op-A"]
[Site "Ricany"]
[Date "2007.09.01"]
[Round "9"]
[White "Pokorny, Milan"]
[Black "Vevera, Radek"]
[Result "1/2-1/2"]
[WhiteElo "2200"]
[BlackElo "2064"]
[PlyCount "50"]
[EventDate "2007.08.25"]
[EventType "swiss"]
[EventRounds "9"]
[EventCountry "CZE"]
[SourceTitle "EXT 2008"]
[Source "ChessBase"]
[SourceDate "2007.11.25"]
[SourceVersion "1"]
[SourceVersionDate "2007.11.25"]
[SourceQuality "1"]

1. e4 c5 2. Nf3 d6 3. d4 cxd4 4. Nxd4 Nf6 5. Nc3 a6 6. Be2 g6 7. Be3 Bg7 8. 0-0 0-0 9. Qd2 Nc6 10. f4 Bd7 11. Rad1 Rc8 12. h3 b5 13. a3 Na5 14. e5 Ne8 15. Nb3 Nxb3 16. cxb3 Be6 17. Nd5 dxe5 18. fxe5 Bxe5 19. Bh6 Bg7 20. Bg5 Bxd5 21. Qxd5 Qb6+ 22. Kh1 Nf6 23. Qe5 Qc7 24. Qxc7 Rxc7 25. Bf3 Rc2 1/2-1/2

[Event "CZE-chT2b 0607"]
[Site "Czech Republic"]
[Date "2007.03.25"]
[Round "10"]
[White "Pokorny, Milan"]
[Black "Vanek, Tomas"]
[Result "0-1"]
[WhiteElo "2200"]
[BlackElo "2271"]
[PlyCount "96"]
[EventDate "2006.10.15"]
[EventType "team"]
[EventRounds "11"]
[EventCountry "CZE"]
[SourceTitle "EXT 2009"]
[Source "ChessBase"]
[SourceDate "2008.11.26"]
[SourceVersion "1"]
[SourceVersionDate "2008.11.26"]
[SourceQuality "1"]

1. e4 e5 2. Nf3 Nc6 3. Bb5 a6 4. Ba4 Nf6 5. 0-0 Be7 6. Re1 b5 7. Bb3 d6 8. c3 0-0 9. h3 Na5 10. Bc2 c5 11. d4 Qc7 12. Nbd2 Bd7 13. Nf1 Nc4 14. b3 Nb6 15. Bg5 a5 16. Ne3 Rfe8 17. Qe2 a4 18. dxe5 dxe5 19. c4 bxc4 20. Nxc4 Nxc4 21. Qxc4 h6 22. Bd2 Be6 23. Qc3 axb3 24. axb3 Nd7 25. Bd3 Qb7 26. Rxa8 Rxa8 27. Bc4 Bxc4 28. bxc4 Ra2 29. Qd3 Nf6 30. Be3 Qxe4 31. Qxe4 Nxe4 32. Nxe5 Bd6 33. Nf3 Rc2 34. Rc1 Ra2 35. Kf1 f5 36. g3 Bxg3 37. Bxc5 Bxf2 38. Bd4 Ng3+ 39. Kg2 Be3+ 40. Kxg3 Bxc1 41. c5 g5 42. Ne5 Bf4+ 43. Kf3 Ra3+ 44. Ke2 Bxe5 45. Bxe5 Kf7 46. c6 Ra5 47. Bd6 Ra6 48. c7 Rc6 0-1

[Event "CZE-chT2b 0607"]
[Site "Czech Republic"]
[Date "2007.02.11"]
[Round "7"]
[White "Vondra, Zbynek"]
[Black "Pokorny, Milan"]
[Result "0-1"]
[WhiteElo "2109"]
[BlackElo "2200"]
[PlyCount "80"]
[EventDate "2006.10.15"]
[EventType "team"]
[EventRounds "11"]
[EventCountry "CZE"]
[SourceTitle "EXT 2009"]
[Source "ChessBase"]
[SourceDate "2008.11.26"]
[SourceVersion "1"]
[SourceVersionDate "2008.11.26"]
[SourceQuality "1"]

1. e4 e6 2. d4 d5 3. e5 c5 4. c3 Nc6 5. Nf3 Qb6 6. Bd3 cxd4 7. cxd4 Bd7 8. 0-0 Nxd4 9. Nbd2 Ne7 10. Nxd4 Qxd4 11. Nf3 Qb6 12. Be3 Qa5 13. b4 Qa4 14. Qe2 a6 15. Bc2 Qxb4 16. Rfb1 Qc3 17. Bd4 Qc8 18. Ng5 h6 19. Nh7 Bb5 20. Rxb5 axb5 21. Nxf8 Kxf8 22. Bd3 b4 23. Rb1 Nc6 24. Bc5+ Kg8 25. f4 Nxe5 26. Bxb4 Nxd3 27. Qxd3 Qc4 28. Qg3 Rxa2 29. f5 Qd4+ 30. Kf1 Ra1 31. Rxa1 Qxa1+ 32. Ke2 Qb2+ 33. Bd2 exf5 34. Kd1 Qb1+ 35. Ke2 Kh7 36. Bc3 Re8+ 37. Kd2 f6 38. h4 d4 39. Bxd4 Rd8 40. Qe3 Qb2+ 0-1

[Event "CZE-chT2b 0607"]
[Site "Czech Republic"]
[Date "2006.12.03"]
[Round "4"]
[White "Pokorny, Milan"]
[Black "Krsek, Tomas"]
[Result "0-1"]
[WhiteElo "2200"]
[BlackElo "2100"]
[PlyCount "68"]
[EventDate "2006.10.15"]
[EventType "team"]
[EventRounds "11"]
[EventCountry "CZE"]
[SourceTitle "EXT 2009"]
[Source "ChessBase"]
[SourceDate "2008.11.26"]
[SourceVersion "1"]
[SourceVersionDate "2008.11.26"]
[SourceQuality "1"]

1. e4 c5 2. Nf3 Nc6 3. d4 cxd4 4. Nxd4 Nf6 5. Nc3 e5 6. Ndb5 d6 7. Nd5 Nxd5 8. exd5 Nb8 9. c4 Be7 10. Bd3 0-0 11. 0-0 f5 12. f3 a6 13. Nc3 Nd7 14. Kh1 Bg5 15. Bxg5 Qxg5 16. f4 exf4 17. Qe2 Ne5 18. c5 Bd7 19. cxd6 Rae8 20. Qd2 Qh6 21. Be2 Ng4 22. Bxg4 fxg4 23. Kg1 Qxd6 24. Rae1 Rxe1 25. Qxe1 f3 26. g3 Re8 27. Qd2 b5 28. Qd4 Bf5 29. Nd1 Re2 30. Nf2 h5 31. Nd3 Rd2 32. Qf4 Rg2+ 33. Kh1 Qxd5 34. Ne1 Re2 0-1

[Event "CZE-chT2c 0506"]
[Site "Czech Republic"]
[Date "2005.10.16"]
[Round "1.3"]
[White "Pokorny, Milan"]
[Black "Seleljo, Daniel"]
[Result "1/2-1/2"]
[WhiteElo "2212"]
[BlackElo "2251"]
[PlyCount "120"]
[EventDate "2005.10.16"]
[EventType "team"]
[EventRounds "11"]
[EventCountry "CZE"]
[SourceTitle "EXT 2009"]
[Source "ChessBase"]
[SourceDate "2008.11.26"]
[SourceVersion "1"]
[SourceVersionDate "2008.11.26"]
[SourceQuality "1"]
[WhiteTeam "Bohemians II"]
[BlackTeam "Vrsovice"]
[WhiteTeamCountry "CZE"]
[BlackTeamCountry "CZE"]

1. e4 c5 2. Nf3 Nc6 3. d4 cxd4 4. Nxd4 Nf6 5. Nc3 d6 6. Be2 e5 7. Nb3 Be7 8. Be3 0-0 9. 0-0 a5 10. Nd2 Be6 11. Nc4 b5 12. Nb6 b4 13. Ncd5 Rb8 14. Nxf6+ Bxf6 15. Nd5 Bxd5 16. Qxd5 Ne7 17. Qd2 d5 18. exd5 Qxd5 19. Rfd1 Qxd2 20. Rxd2 e4 21. Rad1 Nf5 22. Bf4 Rbd8 23. Rxd8 Rxd8 24. Rxd8+ Bxd8 25. Bc4 Bf6 26. Kf1 Bxb2 27. Bd5 e3 28. fxe3 Be5 29. Ke2 Bxf4 30. exf4 Kf8 31. Kd3 Ke7 32. g4 Kd6 33. Be4 Ne7 34. Kc4 h6 35. Kb5 g5 36. fxg5 hxg5 37. Kxa5 Kc5 38. Ka4 Nc8 39. Kb3 Nd6 40. Bd3 f6 41. c3 bxc3 42. Kxc3 Nf7 43. a4 Ne5 44. Be2 Nc6 45. Kd3 Na5 46. Ke4 Kd6 47. Kf5 Ke7 48. Bf3 Nc4 49. h3 Nd6+ 50. Kg6 Nc4 51. Bd5 Ne3 52. Bc6 Ke6 53. a5 Nc4 54. Bd5+ Kxd5 55. Kxf6 Nxa5 56. Kxg5 Ke6 57. Kg6 Nc4 58. g5 Ne5+ 59. Kg7 Kf5 60. h4 Nf3 1/2-1/2

[Event "CZE-chTV 0102"]
[Site "Czech Republic"]
[Date "2001.??.??"]
[Round "8"]
[White "Pirklova, Hana"]
[Black "Pokorny, Milan"]
[Result "1/2-1/2"]
[WhiteElo "2146"]
[BlackElo "2050"]
[PlyCount "108"]
[EventDate "2001.??.??"]
[EventType "team"]
[EventRounds "11"]
[EventCountry "CZE"]
[SourceTitle "EXT 2003"]
[Source "ChessBase"]
[SourceDate "2002.11.25"]
[SourceVersion "1"]
[SourceVersionDate "2002.11.25"]
[SourceQuality "1"]
[WhiteTeam "Rychnov nad Kneznou"]
[BlackTeam "Bohemians II"]
[WhiteTeamCountry "CZE"]
[BlackTeamCountry "CZE"]

1. e4 e6 2. d4 d5 3. e5 c5 4. c3 Nc6 5. Nf3 Qb6 6. a3 a5 7. Bd3 Bd7 8. 0-0 cxd4 9. cxd4 Nxd4 10. Nxd4 Qxd4 11. Nc3 Qb6 12. Nb5 Bxb5 13. Qb3 Ne7 14. Be3 Qd8 15. Bxb5+ Nc6 16. Rac1 Rc8 17. Qa4 Be7 18. Qg4 g6 19. f4 d4 20. Rfd1 Qb6 21. Bxc6+ Rxc6 22. Rxc6 bxc6 23. Bxd4 Bc5 24. Bxc5 Qxc5+ 25. Kh1 0-0 26. Qe2 Rb8 27. h3 Qb5 28. Qxb5 Rxb5 29. Rd2 Kf8 30. Kg1 Ke7 31. Kf2 Rd5 32. Rc2 Kd7 33. Ke3 Kc7 34. Ke4 Kb6 35. g4 c5 36. Rc4 Kb5 37. b3 Rd1 38. a4+ Kc6 39. Rc3 Rd4+ 40. Kf3 Kd5 41. Ke3 g5 42. fxg5 Re4+ 43. Kf3 Rxe5 44. Rd3+ Kc6 45. Rd8 Rxg5 46. Ra8 Rd5 47. Ke3 Rd4 48. Ra6+ Kb7 49. Rxa5 Rb4 50. Rxc5 Rxb3+ 51. Kf4 Rxh3 52. Kg5 Ra3 53. Kf6 Rxa4 54. Kxf7 Rxg4 1/2-1/2

[Event "CZE-chTV 0102"]
[Site "Czech Republic"]
[Date "2001.??.??"]
[Round "8"]
[White "Pokorny, Milan"]
[Black "Groh, Jiri"]
[Result "1/2-1/2"]
[WhiteElo "2050"]
[BlackElo "2106"]
[PlyCount "82"]
[EventDate "2001.??.??"]
[EventType "team"]
[EventRounds "11"]
[EventCountry "CZE"]
[SourceTitle "EXT 2003"]
[Source "ChessBase"]
[SourceDate "2002.11.25"]
[SourceVersion "1"]
[SourceVersionDate "2002.11.25"]
[SourceQuality "1"]
[WhiteTeam "Bohemians II"]
[BlackTeam "Vysehrad III"]
[WhiteTeamCountry "CZE"]
[BlackTeamCountry "CZE"]

1. e4 c5 2. Nf3 Nc6 3. d4 cxd4 4. Nxd4 Nf6 5. Nc3 g6 6. Be3 Bg7 7. Be2 0-0 8. 0-0 d5 9. exd5 Nb4 10. Nf3 Nbxd5 11. Nxd5 Nxd5 12. Bd4 Nf4 13. Bxg7 Kxg7 14. Re1 Bf5 15. Qd4+ Qxd4 16. Nxd4 Be4 17. Bf1 f5 18. f3 e5 19. fxe4 exd4 20. Rad1 Rac8 21. exf5 Rxc2 22. Rxd4 Rxf5 23. g3 Nd5 24. Bd3 Rd2 25. Bxf5 Rxd4 26. Be4 Kf6 27. Bxd5 Rxd5 28. Re2 h5 29. Kg2 g5 30. Kf3 b5 31. Rc2 a5 32. h3 Ke5 33. Ke3 Kf5 34. Rf2+ Ke6 35. Rc2 Re5+ 36. Kd3 Rf5 37. Ke4 Re5+ 38. Kd3 Kd5 39. Rf2 Ke6 40. Rc2 Rf5 41. Ke4 Re5+ 1/2-1/2